| 000 | 00785cam a2200241 4500 | ||
|---|---|---|---|
| 999 |
_c24163 _d24163 |
||
| 001 | 279603 | ||
| 003 | NUST | ||
| 005 | 20170519115808.0 | ||
| 008 | 700725s1965 maua b 001 0 eng | ||
| 010 | _a 65001728 | ||
| 040 |
_aDLC _cRCMS _dDLC |
||
| 050 | 0 | 0 |
_a5548.8 HF _b.M2 1965 |
| 082 | 0 | 0 | _a658.01 |
| 100 | 1 |
_aMaier, Norman R. F. _q(Norman Raymond Frederick), _d1900-1977. _91202 |
|
| 245 | 1 | 0 |
_aPsychology in industry _c[by] Norman R. F. Maier. |
| 250 | _a3d ed. | ||
| 260 |
_aBoston, _bHoughton Mifflin _c[1965] |
||
| 300 |
_axiv, 718 p. _billus. _c25 cm. |
||
| 504 | _aIncludes bibliographical references. | ||
| 538 | _iShelf # 13, Row # 2, Fiction. | ||
| 650 | 0 |
_aPsychology, Industrial. _91203 |
|
| 650 | 0 |
_aPersonnel management. _91204 |
|
| 856 | _3Table of Contents Only. | ||
| 906 |
_a7 _bcbc _corignew _du _encip _f19 _gy-gencatlg |
||
| 942 |
_2ddc _cBK |
||